000 01125 a2200313 4500
003 OSt
005 20180116192357.0
008 120606t xxu||||| |||| 00| 0 eng d
010 _a 2003115351
020 _a0761949623
020 _a0761949631 (pbk.)
020 _a9780761949633
035 _a(OCoLC)ocm52358174
040 _c0
082 0 0 _a304.23
245 0 0 _aKey thinkers on space and place /
_cedited by Phil Hubbard, Rob Kitchin and Gill Valentine.
260 _aLondon ;
_aThousand Oaks :
_bSage,
_c2004.
300 _ax, 356 p . :
_c23 cm.
650 1 0 _aHuman geography
_xPhilosophy.
_94145
650 1 0 _aSpatial behavior.
_94146
650 1 0 _aSpace and time.
_94147
700 1 _aHubbard, Phil.
_94148
700 1 _aKitchin, Rob.
_94149
700 1 _aValentine, Gill,
_d1965-
_94150
856 4 2 _3Publisher description
_uhttp://www.loc.gov/catdir/enhancements/fy0657/2003115351-d.html
856 4 2 _3Table of contents only
_uhttp://www.loc.gov/catdir/enhancements/fy0657/2003115351-t.html
942 _aSADA
_cBK
_k304.23 KEY 2004
_2ddc
999 _c353156
_d353156